000 00763nam a2200241 i 4500
001 C2-0238026
003 PPAK
005 20180727201330.0
008 020226s2001 my |||| ||||| | may d
022 _a1394-6463
040 _aPPAK
_beng
_cPPAK
_erda
082 0 4 _a657.74021
_223
090 0 0 _a657.74021
_bMAL
_dR
110 2 _aMalaysia, Jabatan Perangkaan
245 0 0 _aLaporan Imbangan Pembayaran Suku Tahunan Ketiga : 2001 =
_bQuarterly Balance of Payments Report : 2001
264 1 _aKuala Lumpur :
_bJabatan Perangkaan Malaysia ,
_c2001
336 _2rdacontent
_atext
337 _2rdamedia
_aunmediated
338 _2rdacarrier
_avolume
650 1 0 _aAccounting - Periodicals
710 2 _aMalaysia, Jabatan Perangkaan
_eorganizer
942 _ddc
_cB
999 _c53549
_d53549